书目信息 |
| 题名: |
一类捕食者-食饵反应扩散系统中的图灵斑图研究
|
|
| 作者: | 王彩云 著 | |
| 分册: | ||
| 出版信息: | 北京 中国原子能出版社 2021.6 |
|
| 页数: | 106页 | |
| 开本: | 24cm | |
| 丛书名: | ||
| 单 册: | ||
| 中图分类: | Q141 | |
| 科图分类: | ||
| 主题词: | 捕食--生物模型--动力学--研究 | |
| 电子资源: | ||
| ISBN: | 978-7-5221-0848-3 | |
| 000 | 00956nam0 2200241 45 | |
| 001 | 012001000245 | |
| 005 | 20140910173727.0 | |
| 010 | @a978-7-5221-0848-3@dCNY52.00 | |
| 100 | @a20210205d2020 em y0chiy50 ea | |
| 101 | 0 | @achi |
| 102 | @aCN@b110000 | |
| 105 | @aa z 000yy | |
| 106 | @ar | |
| 200 | 1 | @a一类捕食者-食饵反应扩散系统中的图灵斑图研究@Ayi lei bu shi zhe - shi er fan ying kuo san xi tong zhong de tu ling ban tu yan jiu@f王彩云著 |
| 210 | @a北京@c中国原子能出版社@d2021.6 | |
| 215 | @a106页@c图@d24cm | |
| 300 | @a山西省应用基础研究项目 青年科技研究基金 面上青年基金项目 具有时滞和交叉扩散的Leslie型种群反应扩散方程的斑图研究 | |
| 330 | @a本书共六章,分别从稀疏效应、交叉扩散、振幅方程、时滞和斑图跃迁行等为几方面讨论捕食者-食饵反应扩散系统中的图灵斑图问题。 | |
| 606 | 0 | @a捕食@x生物模型@x动力学@x研究 |
| 690 | @aQ141@v5 | |
| 701 | 0 | @a王彩云@Awang cai yun@4著 |
| 801 | 0 | @aCN@bBJSDL@c20211011 |
| 905 | @b1330954-7@dQ141@e309@f4 | |
| 一类捕食者-食饵反应扩散系统中的图灵斑图研究/王彩云著.-北京:中国原子能出版社,2021.6 |
| 106页:图;24cm |
| 山西省应用基础研究项目 青年科技研究基金 面上青年基金项目 具有时滞和交叉扩散的Leslie型种群反应扩散方程的斑图研究 |
| ISBN 978-7-5221-0848-3:CNY52.00 |
| 本书共六章,分别从稀疏效应、交叉扩散、振幅方程、时滞和斑图跃迁行等为几方面讨论捕食者-食饵反应扩散系统中的图灵斑图问题。 |
| ● |
| 相关链接 |
|
|
|
|
正题名:一类捕食者-食饵反应扩散系统中的图灵斑图研究
索取号:Q141/309
 
预约/预借
| 序号 | 登录号 | 条形码 | 馆藏地/架位号 | 状态 | 备注 |
| 1 | 1330954 | 213309542 | 第二样本阅览室/ [索取号:Q141/309] | 在馆 | |
| 2 | 1330955 | 213309551 | 第三借阅区/ [索取号:Q141/309] | 在馆 | |
| 3 | 1330956 | 213309560 | 第三借阅区/ [索取号:Q141/309] | 在馆 | |
| 4 | 1330957 | 213309579 | 第三借阅区/ [索取号:Q141/309] | 在馆 |